| 000 | 00323nam a2200121Ia 4500 | ||
|---|---|---|---|
| 008 | 230907s9999||||xx |||||||||||||| ||und|| | ||
| 082 |
_a697 _bJAY |
||
| 100 |
_aJayamaha, Lal. _9114587 |
||
| 245 | 0 | _aEnergy-efficient building systems : | |
| 260 |
_aMcGraw-Hill, _bNew York : _c2007 |
||
| 300 | _axvii, 288 p. : | ||
| 942 | _cBK | ||
| 999 |
_c600430 _d600430 |
||